00451nam a2200169 a 450000100060000000300090000600800410001502000150005604000280007108200090009910000330010824500250014126000470016630000090021350000270022265000320024920427CO-ViMGA141112s2004 ck r 000 u spa d a9582401019 aCO-ViMGAbspacCO-ViMGA04aSOMp1 aSommer - Bodenburg, Ángela10aEl pequeño vampiro aSanta fe de Bogotá : bAlfaguara, c1985 a192p aDesde los 10 años. 14aCUENTOS INFANTILES ALEMANES